| 000 | 00830cam a22002651 4500 | ||
|---|---|---|---|
| 001 | sa 63001043 | ||
| 003 | DLC | ||
| 005 | 20260227111925.0 | ||
| 008 | 800915m19629999pk abc b 00010 eng | ||
| 010 | _asa 63001043 //r965 | ||
| 025 | _aPL480:P-E-221 | ||
| 040 |
_aDLC _cDLC _dDLC |
||
| 043 | _aa------ | ||
| 050 | 0 | 0 |
_aDS3 _b.R3 |
| 082 | 0 | 0 |
_a950 _219 |
| 100 | 1 |
_aRashid, Khwaja Abdul, _d1912- |
|
| 245 | 1 | 0 |
_aHistorical dissertations, _cby K. A. Rashid. |
| 260 |
_aKarachi, _bPakistan Historical Soceity, _c1962- |
||
| 300 |
_av. _billus., maps, ports. _c25 cm. |
||
| 490 | 1 |
_aPakistan Historical Society. Publication, _vno. 30 |
|
| 500 | _aVol. 2 has imprint: Progressive Books, Lahore. | ||
| 504 | _aIncludes bibliographies. | ||
| 651 | 0 |
_aAsia _xHistory. |
|
| 830 | 0 |
_aPakistan Historical Society publication ; _vno. 30. |
|
| 999 |
_c53787 _d53787 |
||